Fundamentals of applied electromagnetics (Record no. 4421)
[ view plain ]
| 000 -LEADER | |
|---|---|
| fixed length control field | 00623 a2200217 4500 |
| 020 ## - INTERNATIONAL STANDARD BOOK NUMBER | |
| International Standard Book Number | 0-13-185089-X |
| 020 ## - INTERNATIONAL STANDARD BOOK NUMBER | |
| International Standard Book Number | 0-13-145726-8 (CD-ROM) |
| 040 ## - CATALOGING SOURCE | |
| Original cataloging agency | DLC |
| Language of cataloging | DLC |
| 082 00 - DEWEY DECIMAL CLASSIFICATION NUMBER | |
| Classification number | 537 |
| 100 1# - MAIN ENTRY--PERSONAL NAME | |
| Personal name | Ulaby, Fawwaz T. |
| 245 10 - TITLE STATEMENT | |
| Title | Fundamentals of applied electromagnetics |
| Statement of responsibility, etc. | Fawwaz T. Ulaby. |
| 250 ## - EDITION STATEMENT | |
| Edition statement | 2004 Media ed. |
| 260 ## - PUBLICATION, DISTRIBUTION, ETC. | |
| Place of publication, distribution, etc. | Upper Saddle River, NJ : |
| Name of publisher, distributor, etc. | Pearson |
| Date of publication, distribution, etc. | 2004. |
| 300 ## - PHYSICAL DESCRIPTION | |
| Extent | 434 p. : |
| Other physical details | ill. |
| 500 ## - GENERAL NOTE | |
| General note | H�rtill 1 CD-ROM |
| 650 #0 - SUBJECT ADDED ENTRY--TOPICAL TERM | |
| Topical term or geographic name entry element | Electromagnetism. |
| 650 #0 - SUBJECT ADDED ENTRY--TOPICAL TERM | |
| Topical term or geographic name entry element | Electromagnetism |
| General subdivision | Industrial applications. |
| 650 #0 - SUBJECT ADDED ENTRY--TOPICAL TERM | |
| Topical term or geographic name entry element | Elektromagnetism |
| 650 #0 - SUBJECT ADDED ENTRY--TOPICAL TERM | |
| Topical term or geographic name entry element | Electromagnetism |
| 942 ## - ADDED ENTRY ELEMENTS (KOHA) | |
| Koha item type | Book |
| Call number prefix | 537 ULA |
| Source of classification or shelving scheme | |
| Withdrawn status | Lost status | Damaged status | Not for loan | Collection code | Permanent Location | Current Location | Shelving location | Date acquired | Source of acquisition | Cost, normal purchase price | Total Checkouts | Full call number | Barcode | Date last seen | Date last checked out | Price effective from | Koha item type | Total Renewals |
|---|---|---|---|---|---|---|---|---|---|---|---|---|---|---|---|---|---|---|
| Central Library (CL) | Central Library (CL) | General Stacks | 10/16/2009 | Star Books | 6853.20 | 1 | 537 ULA | SEECS009721 | 03/08/2021 | 02/04/2020 | 01/05/2017 | Book | ||||||
| Central Library (CL) | Central Library (CL) | General Stacks | 10/16/2009 | Star Books | 6853.20 | 2 | 537 ULA | SEECS009722 | 01/26/2022 | 10/15/2021 | 01/05/2017 | Book | 1 | |||||
| Central Library (CL) | Central Library (CL) | General Stacks | 05/03/2005 | Academic Book company | 7615.88 | 2 | 537 ULA | SEECS006391 | 09/21/2022 | 02/04/2020 | 01/05/2017 | Book | ||||||
| Central Library (CL) | Central Library (CL) | General Stacks | 04/07/2014 | 3 | 537 ULA | SEECSD00185 | 06/15/2016 | 04/26/2016 | 01/05/2017 | Book | 1 |
